000 00433nam a22001337a 4500
040 _a1
082 _a954.91
_bAZE 2013
100 _aAzeem Shah, Farah
245 _aRise Balochistan Time is Our Now
_cFarah Azeem Shah
260 _aIslamabad
_bAgha JeePrinters
_c2013
300 _a224 p.
_b22 cm.
650 _aProblems and Challenges of Balochistan, Terrorism in Balochistan, The of Women of Balochistan in Politics
942 _2ddc
_cBK
999 _c16088
_d16088